| 000 | 00422nam a2200157Ia 4500 | ||
|---|---|---|---|
| 008 | 230917s9999||||xx |||||||||||||| ||und|| | ||
| 020 | _cPOU5.95 | ||
| 040 |
_e3563 _aMAIN |
||
| 041 | _aEnglish | ||
| 082 | _a320.942 H272D | ||
| 100 | _aHaseler, Stephen | ||
| 245 | 0 | _aDeath of British democracy: A study of Britain's political present and future | |
| 260 |
_aLondon _bPaul Elek _c1976 |
||
| 300 | _a262 p. | ||
| 942 | _cBK | ||
| 999 |
_c37993 _d37993 |
||